[Event "GRE-chT 46th"]
[Site "Rio Achaia"]
[Date "2018.07.14"]
[Round "6.17"]
[White "Damianou, Ioannis"]
[Black "Koukouliatas, Sotirios Georgios"]
[Result "1-0"]
[WhiteElo "2058"]
[BlackElo "1130"]
[PlyCount "51"]
[EventDate "2018.07.10"]
[EventType "team"]
[EventRounds "7"]
[EventCountry "GRE"]
[SourceTitle "CBM 185 Extra"]
[Source "ChessBase"]
[SourceDate "2018.07.29"]
[SourceVersion "1"]
[SourceVersionDate "2018.07.29"]
[SourceQuality "1"]
[WhiteTeam "Papagou AS"]
[BlackTeam "Larissa"]
[WhiteTeamCountry "GRE"]
[BlackTeamCountry "GRE"]

1. e4 d5 2. exd5 Qxd5 3. Nc3 Qa5 4. d4 c6 5. Bd2 Bf5 6. g4 Bg6 7. Bg2 Qb6 8. f4 h6 9. f5 Bh7 10. Qe2 Nf6 11. 0-0-0 Nbd7 12. h4 g5 13. hxg5 hxg5 14. Bxg5 Bg7 15. Nf3 Kf8 16. Ne5 Rd8 17. Bf4 Qa5 18. Nc4 Qa6 19. Rhe1 Ra8 20. Qxe7+ Kg8 21. Nd6 Rf8 22. g5 Nd5 23. Bxd5 cxd5 24. g6 fxg6 25. Qe6+ Rf7 26. Qxf7# 1-0